LEADER 02562oam 2200649I 450 001 9910461247203321 005 20200520144314.0 010 $a0-429-90450-9 010 $a0-429-47973-5 010 $a1-283-12513-7 010 $a9786613125132 010 $a1-84940-217-5 024 7 $a10.4324/9780429479731 035 $a(CKB)2670000000094808 035 $a(EBL)712326 035 $a(OCoLC)729167076 035 $a(SSID)ssj0000525507 035 $a(PQKBManifestationID)12222219 035 $a(PQKBTitleCode)TC0000525507 035 $a(PQKBWorkID)10508746 035 $a(PQKB)10939793 035 $a(MiAaPQ)EBC712326 035 $a(Au-PeEL)EBL712326 035 $a(CaPaEBR)ebr10477695 035 $a(CaONFJC)MIL312513 035 $a(OCoLC)738433308 035 $a(EXLCZ)992670000000094808 100 $a20180706h20181997 uy 0 101 0 $aeng 135 $aur|n|---||||| 181 $ctxt 182 $cc 183 $acr 200 10$aSchizophrenia $eits origins and need-adapted treatment /$fby Yrjo O. Alanen 205 $aFirst edition. 210 1$aBoca Raton, FL :$cRoutledge, an imprint of Taylor and Francis,$d[2018]. 210 4$d©1997 215 $a1 online resource (341 p.) 225 1 $aKARNAC 300 $aDescription based upon print version of record. 311 $a0-367-32478-4 311 $a1-85575-156-9 320 $aIncludes bibliographical references and index. 327 $aCOVER; CONTENTS; PREFACE AND ACKNOWLEDGEMENTS; FOREWORD; INTRODUCTION; CHAPTER ONE: Three patients; CHAPTER TWO: General notes on schizophrenia; CHAPTER THREE: The origins of schizophrenia: an attempt at synthesis; CHAPTER FOUR: Contemporary ways of treating schizophrenia and psychotherapy research; CHAPTER FIVE: Need-adapted treatment of schizophrenic psychoses: development, principles, and results; CHAPTER SIX: Therapeutic experiences; CHAPTER SEVEN: Treatment of schizophrenia and society; REFERENCES AND BIBLIOGRAPHY; INDEX 330 3 $aThis book includes memorable case vignettes along with research findings and is recommended for clinicians, students, teachers of mental health and those in public policy involved in creating effective treatment methods. 410 0$aKARNAC 606 $aSchizophrenia 608 $aElectronic books. 615 0$aSchizophrenia. 676 $a616.89/8 700 $aO. Alanen$b Yrjo$0907880 801 0$bFlBoTFG 801 1$bFlBoTFG 906 $aBOOK 912 $a9910461247203321 996 $aSchizophrenia$92030755 997 $aUNINA LEADER 01072nam a22002651i 4500 001 991003386959707536 005 20040405142408.0 008 040802s1932 fr |||||||||||||||||fre 035 $ab13067436-39ule_inst 035 $aARCHE-102004$9ExL 040 $aBiblioteca Interfacoltà$bita$cA.t.i. Arché s.c.r.l. Pandora Sicilia s.r.l. 082 04$a842 245 00$aThéâtre choisi des auteurs comiques du XVII et du XVIII siècle /$cavec études et analyses par Hippolyte Parigot 250 $a9. éd. 260 $aParis :$bDelagrave,$c1932 300 $a535 p. ;$c16 cm 650 4$aCommedia francese$ySec. 17.-18. 650 4$aTeatro francese$ySec. 17.-18. 700 1 $aParigot, Hippolyte 907 $a.b13067436$b02-04-14$c05-08-04 912 $a991003386959707536 945 $aLE002 Fondo Giudici D 1123$g1$i2002000225535$lle002$nC. 1$o-$pE0.00$q-$rn$so $t0$u0$v0$w0$x0$y.i13694522$z05-08-04 996 $aThéâtre choisi des auteurs comiques du XVII et du XVIII siècle$9291709 997 $aUNISALENTO 998 $ale002$b05-08-04$cm$da $e-$ffre$gfr $h0$i1